| 000 | 00708cam a2200241 4500 | ||
|---|---|---|---|
| 001 | ABS61396 | ||
| 008 | 000000n1999 000 0 eng u | ||
| 035 | _a(Sirsi) u100525 | ||
| 100 | _aWoodman, J. | ||
| 245 | _aDilapidations fees explained | ||
| 260 | _c1999 | ||
| 490 |
_aCSM _bChartered Surveyor Monthly _v9(2) October 1999, 34-35(2) |
||
| 520 | _aExplores the often disputed area of fees in dilapidations negotiations. Looks at how a landlord can recover costs. | ||
| 590 | _aABS | ||
| 650 |
_aDilapidations _96235 |
||
| 650 | _aFEES | ||
| 650 | _aCOSTS | ||
| 650 | _aNEGOTIATIONS | ||
| 650 | _aRECOVERY | ||
| 690 | _aPROPERTY-LANDLORD AND TENANT | ||
| 700 | _aMcIntosh, M. | ||
| 942 | _n0 | ||
| 999 |
_c60134 _d60134 |
||